[Event "Ïåðâåíñòâî Ìîñêâû ïî øàõìàòàì 2015 ñðåäè ìàëü÷èêîâ (Ì17)"]
[Site "Moscow"]
[Date "2015.11.12"]
[Round "1.1"]
[White "Ìåòåëåâ, Áîðèñ"]
[Black "Ñìèðíîâ, Òèìîôåé"]
[Result "0-1"]
[WhiteElo "1756"]
[BlackElo "2298"]
[PlyCount "0"]
[EventDate "2015.11.12"]


1. e4 {[%clk 1:30:08]} e5 {[%clk 1:30:49]} 2. Nf3 {[%clk 1:30:29]} Nc6
{[%clk 1:31:09]} 3. Bb5 {[%clk 1:30:34]} a6 {[%clk 1:31:28]} 4. Ba4
{[%clk 1:30:57]} Nf6 {[%clk 1:31:50]} 5. O-O {[%clk 1:29:51]} b5 {[%clk 1:31:55]}
6. Bb3 {[%clk 1:30:14]} Be7 {[%clk 1:32:19]} 7. d3 {[%clk 1:28:35]} d6
{[%clk 1:31:00]} 8. c3 {[%clk 1:27:54]} O-O {[%clk 1:31:00]} 9. Re1
{[%clk 1:26:50]} Nb8 {[%clk 1:26:58]} 10. Nbd2 {[%clk 1:25:06]} Nbd7
{[%clk 1:25:45]} 11. Nf1 {[%clk 1:21:22]} Nc5 {[%clk 1:19:48]} 12. Bc2
{[%clk 1:19:23]} Re8 {[%clk 1:20:00]} 13. Ng3 {[%clk 1:07:26]} Bf8
{[%clk 1:17:21]} 14. d4 {[%clk 0:59:42]} Ncd7 {[%clk 1:14:14]} 15. h3
{[%clk 0:56:16]} Bb7 {[%clk 1:14:31]} 16. Bg5 {[%clk 0:28:31]} h6
{[%clk 1:10:31]} 17. Bc1 {[%clk 0:22:34]} g6 {[%clk 1:05:52]} 18. Nh2
{[%clk 0:22:08]} d5 {[%clk 0:53:25]} 19. exd5 {[%clk 0:14:28]} exd4
{[%clk 0:51:18]} 20. cxd4 {[%clk 0:12:33]} Rxe1+ {[%clk 0:49:00]} 21. Qxe1
{[%clk 0:12:57]} Nb6 {[%clk 0:48:26]} 22. Ne4 {[%clk 0:07:29]} Bxd5
{[%clk 0:37:29]} 23. Nxf6+ {[%clk 0:05:00]} Qxf6 {[%clk 0:36:55]} 24. Qe5
{[%clk 0:03:47]} Qc6 {[%clk 0:33:08]} 25. Ng4 {[%clk 0:00:35]} Bg7
{[%clk 0:33:32]} 26. Nxh6+ {[%clk 0:00:33]} Kh7 {[%clk 0:33:46]} 27. Qh5
{[%clk 0:00:35]} Qxc2 {[%clk 0:33:46]} 0-1

[Event "Ïåðâåíñòâî Ìîñêâû ïî øàõìàòàì 2015 ñðåäè ìàëü÷èêîâ (Ì17)"]
[Site "Moscow"]
[Date "2015.11.12"]
[Round "1.2"]
[White "Ãàëàêòèîíîâ, Àðòåì"]
[Black "Õóäÿêîâ, Ñòàíèñëàâ"]
[Result "1-0"]
[WhiteElo "2206"]
[BlackElo "1750"]
[PlyCount "0"]
[EventDate "2015.11.12"]


1. d4 {[%clk 1:30:59]} d5 {[%clk 1:30:56]} 2. Nf3 {[%clk 1:31:26]} e6
{[%clk 1:31:21]} 3. c4 {[%clk 1:31:54]} f5 {[%clk 1:31:14]} 4. Nbd2
{[%clk 1:32:20]} Nf6 {[%clk 1:31:36]} 5. g3 {[%clk 1:32:46]} c6 {[%clk 1:32:00]}
6. Bg2 {[%clk 1:33:13]} Be7 {[%clk 1:32:24]} 7. Ne5 {[%clk 1:33:39]} Nbd7
{[%clk 1:32:26]} 8. Ndf3 {[%clk 1:34:02]} O-O {[%clk 1:32:14]} 9. O-O
{[%clk 1:34:27]} Ne4 {[%clk 1:32:17]} 10. Qc2 {[%clk 1:28:38]} Ndf6
{[%clk 1:19:59]} 11. Rb1 {[%clk 1:19:23]} Bd7 {[%clk 1:14:21]} 12. c5
{[%clk 1:14:19]} Be8 {[%clk 1:06:31]} 13. b4 {[%clk 1:04:45]} Nd7
{[%clk 0:45:18]} 14. a4 {[%clk 1:00:56]} a6 {[%clk 0:40:19]} 15. Nd3
{[%clk 1:00:49]} Bf6 {[%clk 0:39:02]} 16. b5 {[%clk 0:47:58]} axb5
{[%clk 0:16:27]} 17. axb5 {[%clk 0:48:18]} cxb5 {[%clk 0:16:29]} 18. Rxb5
{[%clk 0:48:15]} Ra7 {[%clk 0:12:27]} 19. Rb1 {[%clk 0:45:32]} Nb8
{[%clk 0:10:35]} 20. Rb6 {[%clk 0:41:28]} Nc6 {[%clk 0:09:39]} 21. Bb2
{[%clk 0:41:18]} Qc7 {[%clk 0:08:26]} 22. Nfe5 {[%clk 0:40:24]} Bd7
{[%clk 0:07:52]} 23. f3 {[%clk 0:40:24]} Ng5 {[%clk 0:07:54]} 24. Nxc6
{[%clk 0:35:48]} Bxc6 {[%clk 0:08:02]} 25. Nb4 {[%clk 0:34:20]} Rb8
{[%clk 0:05:45]} 26. Qb3 {[%clk 0:33:53]} Ba4 {[%clk 0:04:32]} 27. Qd3
{[%clk 0:33:55]} Bd7 {[%clk 0:04:37]} 28. Rb1 {[%clk 0:34:04]} Rba8
{[%clk 0:04:36]} 29. Bc3 {[%clk 0:29:02]} Nf7 {[%clk 0:04:19]} 30. e4
{[%clk 0:28:16]} h6 {[%clk 0:03:15]} 31. exd5 {[%clk 0:28:33]} exd5
{[%clk 0:03:33]} 32. Nxd5 {[%clk 0:28:59]} Qd8 {[%clk 0:03:44]} 33. Nxf6+
{[%clk 0:29:07]} gxf6 {[%clk 0:04:07]} 34. f4 {[%clk 0:28:56]} Ra2
{[%clk 0:03:38]} 35. Bxb7 {[%clk 0:29:15]} R8a7 {[%clk 0:03:44]} 36. Bd5
{[%clk 0:29:35]} R2a3 {[%clk 0:03:53]} 37. Qc4 {[%clk 0:29:11]} Qe7
{[%clk 0:03:19]} 38. Re1 {[%clk 0:29:28]} Ra1 {[%clk 0:03:34]} 39. Rxa1
{[%clk 0:29:20]} Rxa1+ {[%clk 0:03:51]} 40. Bxa1 {[%clk 0:29:47]} Qe1+
{[%clk 0:03:59]} 41. Qf1 {[%clk 0:30:10]} Qe3+ {[%clk 0:04:20]} 42. Kh1
{[%clk 0:30:27]} 1-0

[Event "Ïåðâåíñòâî Ìîñêâû ïî øàõìàòàì 2015 ñðåäè ìàëü÷èêîâ (Ì17)"]
[Site "Moscow"]
[Date "2015.11.12"]
[Round "1.3"]
[White "Ãåéâîíäÿí, Àðñåí"]
[Black "Íàâðîäñêèé, Áîðèñ"]
[Result "0-1"]
[WhiteElo "1743"]
[BlackElo "2173"]
[PlyCount "0"]
[EventDate "2015.11.12"]


1. d4 {[%clk 1:30:58]} d5 {[%clk 1:30:54]} 2. c4 {[%clk 1:31:23]} e6
{[%clk 1:31:22]} 3. Nc3 {[%clk 1:31:49]} Be7 {[%clk 1:31:47]} 4. Nf3
{[%clk 1:32:02]} Nf6 {[%clk 1:32:12]} 5. cxd5 {[%clk 1:32:23]} exd5
{[%clk 1:32:39]} 6. Qc2 {[%clk 1:32:46]} g6 {[%clk 1:32:57]} 7. Bg5
{[%clk 1:31:24]} c6 {[%clk 1:33:19]} 8. e4 {[%clk 1:31:14]} dxe4 {[%clk 1:33:42]}
9. Bxf6 {[%clk 1:31:39]} Bxf6 {[%clk 1:34:08]} 10. Qxe4+ {[%clk 1:32:01]} Qe7
{[%clk 1:34:34]} 11. Bc4 {[%clk 1:32:13]} Bf5 {[%clk 1:34:55]} 12. Qxe7+
{[%clk 1:32:38]} Kxe7 {[%clk 1:35:20]} 13. O-O-O {[%clk 1:33:00]} Nd7
{[%clk 1:35:34]} 14. Rhe1+ {[%clk 1:32:42]} Kf8 {[%clk 1:35:56]} 15. h3
{[%clk 1:32:40]} h5 {[%clk 1:35:51]} 16. Ne4 {[%clk 1:28:43]} Bxe4
{[%clk 1:30:13]} 17. Rxe4 {[%clk 1:29:06]} Nb6 {[%clk 1:29:54]} 18. Bb3
{[%clk 1:26:01]} Rd8 {[%clk 1:25:17]} 19. g4 {[%clk 1:17:45]} hxg4
{[%clk 1:25:25]} 20. hxg4 {[%clk 1:18:09]} Nd5 {[%clk 1:24:00]} 21. g5
{[%clk 1:12:30]} Rh3 {[%clk 1:20:51]} 22. Rd3 {[%clk 1:03:18]} Bxg5+
{[%clk 1:18:05]} 23. Nxg5 {[%clk 1:03:27]} Rxd3 {[%clk 1:18:28]} 24. Bc4
{[%clk 1:03:49]} Nb4 {[%clk 1:16:45]} 25. a3 {[%clk 1:01:36]} R3xd4
{[%clk 1:08:30]} 26. axb4 {[%clk 0:59:44]} Rxe4 {[%clk 1:07:02]} 27. Nxe4
{[%clk 1:00:09]} Rd4 {[%clk 1:07:18]} 28. Nd2 {[%clk 1:00:35]} b5
{[%clk 1:07:36]} 29. Be2 {[%clk 0:52:29]} Rxb4 {[%clk 1:07:47]} 30. Bd3
{[%clk 0:51:52]} Ke7 {[%clk 1:05:24]} 31. Kc2 {[%clk 0:50:26]} Rf4
{[%clk 1:05:21]} 32. f3 {[%clk 0:50:43]} f5 {[%clk 1:05:43]} 33. Kc3
{[%clk 0:48:19]} a5 {[%clk 1:05:37]} 34. Be2 {[%clk 0:47:57]} a4 {[%clk 1:01:52]}
35. Nf1 {[%clk 0:46:42]} Kd6 {[%clk 1:01:32]} 36. Ne3 {[%clk 0:45:17]} Rh4
{[%clk 1:00:30]} 37. Kd3 {[%clk 0:43:32]} Kc5 {[%clk 1:00:38]} 38. Nc2
{[%clk 0:43:20]} b4 {[%clk 0:56:08]} 39. Ne3 {[%clk 0:39:21]} a3 {[%clk 0:54:53]}
0-1

[Event "Ïåðâåíñòâî Ìîñêâû ïî øàõìàòàì 2015 ñðåäè ìàëü÷èêîâ (Ì17)"]
[Site "Moscow"]
[Date "2015.11.12"]
[Round "1.4"]
[White "Ëåâåíøòåéí, Ìàðê"]
[Black "Àáäóëëàåâ, Ýëü÷èí"]
[Result "1-0"]
[WhiteElo "2110"]
[BlackElo "1731"]
[PlyCount "0"]
[EventDate "2015.11.12"]


1. b3 {[%clk 1:30:52]} d5 {[%clk 1:30:12]} 2. Bb2 {[%clk 1:31:18]} e6
{[%clk 1:30:30]} 3. Nf3 {[%clk 1:31:41]} Nf6 {[%clk 1:30:42]} 4. g3
{[%clk 1:32:06]} Be7 {[%clk 1:30:30]} 5. Bg2 {[%clk 1:32:32]} O-O
{[%clk 1:30:43]} 6. O-O {[%clk 1:32:58]} c6 {[%clk 1:30:47]} 7. d3
{[%clk 1:33:21]} b6 {[%clk 1:31:07]} 8. Nbd2 {[%clk 1:33:33]} Bb7
{[%clk 1:31:25]} 9. e4 {[%clk 1:31:19]} dxe4 {[%clk 1:28:55]} 10. dxe4
{[%clk 1:29:44]} Qc7 {[%clk 1:25:58]} 11. Qe2 {[%clk 1:28:08]} Nbd7
{[%clk 1:23:03]} 12. e5 {[%clk 1:25:17]} Nd5 {[%clk 1:22:48]} 13. a3
{[%clk 1:20:21]} Bd8 {[%clk 1:19:43]} 14. Ne4 {[%clk 1:17:24]} Ne7
{[%clk 1:08:08]} 15. Rfd1 {[%clk 1:11:56]} Ng6 {[%clk 1:07:55]} 16. Nd6
{[%clk 1:07:45]} Be7 {[%clk 1:07:15]} 17. h4 {[%clk 0:54:36]} Rfd8
{[%clk 0:52:19]} 18. h5 {[%clk 0:46:40]} Ngxe5 {[%clk 0:45:09]} 19. Nxb7
{[%clk 0:45:52]} Nxf3+ {[%clk 0:44:50]} 20. Qxf3 {[%clk 0:46:13]} Qxb7
{[%clk 0:38:52]} 21. Qxc6 {[%clk 0:46:39]} Qxc6 {[%clk 0:37:36]} 22. Bxc6
{[%clk 0:47:05]} Rac8 {[%clk 0:37:52]} 23. Bxd7 {[%clk 0:45:55]} Rxc2
{[%clk 0:38:12]} 24. Be5 {[%clk 0:46:02]} Bc5 {[%clk 0:36:53]} 25. Bd4
{[%clk 0:42:08]} 1-0

[Event "Ïåðâåíñòâî Ìîñêâû ïî øàõìàòàì 2015 ñðåäè ìàëü÷èêîâ (Ì17)"]
[Site "Moscow"]
[Date "2015.11.12"]
[Round "1.5"]
[White "Ìàçàåâ, Ðîìàí"]
[Black "×èëèíãàðÿí, Ïàâåë"]
[Result "0-1"]
[WhiteElo "1726"]
[BlackElo "2096"]
[PlyCount "0"]
[EventDate "2015.11.12"]


1. d4 {[%clk 1:29:15]} Nf6 {[%clk 1:30:55]} 2. c4 {[%clk 1:29:37]} g6
{[%clk 1:31:22]} 3. Nc3 {[%clk 1:30:04]} Bg7 {[%clk 1:31:49]} 4. e4
{[%clk 1:30:30]} d6 {[%clk 1:32:15]} 5. f3 {[%clk 1:30:57]} O-O {[%clk 1:32:33]}
6. Be3 {[%clk 1:31:25]} a5 {[%clk 1:32:59]} 7. Bd3 {[%clk 1:31:18]} Nfd7
{[%clk 1:32:29]} 8. Nge2 {[%clk 1:28:45]} c5 {[%clk 1:32:50]} 9. dxc5
{[%clk 1:28:38]} Nxc5 {[%clk 1:32:51]} 10. O-O {[%clk 1:28:36]} Nc6
{[%clk 1:33:04]} 11. a3 {[%clk 1:28:55]} Ne5 {[%clk 1:32:13]} 12. Bxc5
{[%clk 1:25:15]} dxc5 {[%clk 1:32:21]} 13. Nc1 {[%clk 1:25:19]} Qd4+
{[%clk 1:30:58]} 14. Kh1 {[%clk 1:24:04]} Nxc4 {[%clk 1:27:47]} 15. Bxc4
{[%clk 1:11:26]} Qxc4 {[%clk 1:28:03]} 16. N1e2 {[%clk 1:11:49]} Be6
{[%clk 1:24:53]} 17. Rc1 {[%clk 1:10:45]} Qa6 {[%clk 1:24:53]} 18. Na4
{[%clk 1:04:58]} b6 {[%clk 1:24:30]} 19. Nf4 {[%clk 1:02:48]} Rfd8
{[%clk 1:15:09]} 20. Qc2 {[%clk 1:02:21]} Bd7 {[%clk 1:10:30]} 21. Nd5
{[%clk 1:00:21]} Bxa4 {[%clk 1:09:40]} 22. Qxa4 {[%clk 1:00:50]} Qa7
{[%clk 1:09:07]} 23. Qc6 {[%clk 0:59:16]} Rab8 {[%clk 1:06:50]} 24. Rfd1
{[%clk 0:57:22]} Bd4 {[%clk 1:04:21]} 25. Rd3 {[%clk 0:38:40]} e6
{[%clk 0:59:05]} 26. Nf4 {[%clk 0:37:43]} Qd7 {[%clk 0:57:42]} 27. Qxd7
{[%clk 0:37:31]} Rxd7 {[%clk 0:58:09]} 28. Ne2 {[%clk 0:37:47]} Rbd8
{[%clk 0:57:24]} 29. Rcd1 {[%clk 0:38:03]} Kf8 {[%clk 0:57:41]} 30. b3
{[%clk 0:37:13]} Ke7 {[%clk 0:57:34]} 31. a4 {[%clk 0:37:02]} Bb2
{[%clk 0:55:08]} 32. Nf4 {[%clk 0:36:22]} Be5 {[%clk 0:53:07]} 33. Rxd7+
{[%clk 0:36:25]} Rxd7 {[%clk 0:53:36]} 34. Rxd7+ {[%clk 0:36:52]} Kxd7
{[%clk 0:53:57]} 35. Nd3 {[%clk 0:37:18]} Bd4 {[%clk 0:54:25]} 36. Ne1
{[%clk 0:36:04]} Kc6 {[%clk 0:53:30]} 37. Nc2 {[%clk 0:36:29]} Bb2
{[%clk 0:53:41]} 38. Kg1 {[%clk 0:36:54]} b5 {[%clk 0:53:57]} 39. Kf1
{[%clk 0:36:53]} c4 {[%clk 0:53:36]} 40. bxc4 {[%clk 0:36:17]} bxa4
{[%clk 0:53:58]} 41. Ke2 {[%clk 0:36:42]} a3 {[%clk 0:54:20]} 42. Kd3
{[%clk 0:36:23]} a2 {[%clk 0:54:41]} 43. g4 {[%clk 0:36:40]} a1=Q
{[%clk 0:55:03]} 44. Nxa1 {[%clk 0:37:06]} Bxa1 {[%clk 0:55:24]} 45. f4
{[%clk 0:37:35]} Kc5 {[%clk 0:55:46]} 46. h4 {[%clk 0:37:42]} a4 {[%clk 0:56:07]}
47. f5 {[%clk 0:37:06]} exf5 {[%clk 0:56:32]} 48. exf5 {[%clk 0:37:25]} gxf5
{[%clk 0:56:58]} 49. g5 {[%clk 0:37:51]} a3 {[%clk 0:57:20]} 50. h5
{[%clk 0:38:13]} a2 {[%clk 0:57:42]} 51. Kc2 {[%clk 0:38:42]} Be5
{[%clk 0:58:05]} 52. g6 {[%clk 0:38:59]} fxg6 {[%clk 0:58:28]} 53. hxg6
{[%clk 0:39:25]} hxg6 {[%clk 0:58:53]} 54. Kb3 {[%clk 0:39:48]} a1=Q
{[%clk 0:59:09]} 55. Kc2 {[%clk 0:40:17]} Qc3+ {[%clk 0:59:28]} 56. Kd1
{[%clk 0:40:42]} Qb2 {[%clk 0:59:48]} 57. Ke1 {[%clk 0:41:06]} Kd4
{[%clk 1:00:05]} 58. c5 {[%clk 0:41:31]} Ke3 {[%clk 1:00:31]} 59. c6
{[%clk 0:41:58]} Qd4 60. Kd1 0-1

[Event "Ïåðâåíñòâî Ìîñêâû ïî øàõìàòàì 2015 ñðåäè ìàëü÷èêîâ (Ì17)"]
[Site "Moscow"]
[Date "2015.11.12"]
[Round "1.6"]
[White "Ãðèãîðüåâ, Äìèòðèé"]
[Black "Âåðøèíèí, Èâàí"]
[Result "1-0"]
[WhiteElo "2076"]
[BlackElo "1707"]
[PlyCount "0"]
[EventDate "2015.11.12"]


1. e4 {[%clk 1:30:57]} e6 {[%clk 1:30:55]} 2. d4 {[%clk 1:31:24]} d5
{[%clk 1:31:21]} 3. Nd2 {[%clk 1:31:50]} Nf6 {[%clk 1:31:46]} 4. e5
{[%clk 1:32:17]} Nfd7 {[%clk 1:32:11]} 5. c3 {[%clk 1:32:45]} c5 {[%clk 1:32:33]}
6. Bd3 {[%clk 1:33:06]} Nc6 {[%clk 1:32:52]} 7. Ne2 {[%clk 1:33:30]} cxd4
{[%clk 1:32:23]} 8. cxd4 {[%clk 1:33:53]} Qb6 {[%clk 1:32:24]} 9. Nf3
{[%clk 1:33:44]} f6 {[%clk 1:31:14]} 10. exf6 {[%clk 1:34:12]} Nxf6
{[%clk 1:31:37]} 11. O-O {[%clk 1:34:39]} Bd6 {[%clk 1:31:16]} 12. Bf4
{[%clk 1:35:02]} Bxf4 {[%clk 1:20:53]} 13. Nxf4 {[%clk 1:34:42]} O-O
{[%clk 1:20:55]} 14. Re1 {[%clk 1:35:09]} Nb4 {[%clk 1:12:40]} 15. Ng5
{[%clk 1:25:31]} Nxd3 {[%clk 0:49:29]} 16. Qxd3 {[%clk 1:24:18]} Ne4
{[%clk 0:41:08]} 17. Nxe4 {[%clk 0:59:27]} dxe4 {[%clk 0:21:35]} 18. Qd2
{[%clk 0:54:28]} Qd6 {[%clk 0:15:36]} 19. Rxe4 {[%clk 0:49:27]} Bd7
{[%clk 0:15:29]} 20. g3 {[%clk 0:45:33]} Rfe8 {[%clk 0:13:48]} 21. Rae1
{[%clk 0:44:38]} Rad8 {[%clk 0:12:57]} 22. Qe2 {[%clk 0:28:23]} Bc6
{[%clk 0:08:56]} 23. Rxe6 {[%clk 0:28:47]} Qxd4 {[%clk 0:08:43]} 24. b4
{[%clk 0:12:33]} a6 {[%clk 0:06:09]} 25. a4 {[%clk 0:09:25]} Qxb4
{[%clk 0:02:29]} 26. Nd5 {[%clk 0:04:11]} Qf8 {[%clk 0:01:11]} 27. Ne7+
{[%clk 0:03:47]} Kh8 {[%clk 0:00:54]} 28. Qh5 {[%clk 0:01:03]} Rxe7
{[%clk 0:00:37]} 29. Rxe7 {[%clk 0:01:20]} Bf3 {[%clk 0:00:39]} 30. Qe5
{[%clk 0:00:57]} Bc6 {[%clk 0:00:45]} 31. Qh5 {[%clk 0:00:43]} Bxa4
{[%clk 0:00:36]} 32. Rxb7 {[%clk 0:00:44]} Rd2 {[%clk 0:00:34]} 33. Rf7
{[%clk 0:00:54]} Qd8 {[%clk 0:00:34]} 34. Qh4 {[%clk 0:00:38]} Bb5
{[%clk 0:00:37]} 35. Qf4 {[%clk 0:00:40]} Kg8 {[%clk 0:00:37]} 36. Rf5
{[%clk 0:00:34]} Bc6 {[%clk 0:00:33]} 37. Rfe5 {[%clk 0:00:36]} Bb5
{[%clk 0:00:33]} 38. Qg4 {[%clk 0:00:37]} Qf6 {[%clk 0:00:32]} 39. Rf5
{[%clk 0:00:43]} Qd8 {[%clk 0:00:32]} 40. Rc5 {[%clk 0:00:50]} Qf6
{[%clk 0:00:35]} 41. Rf5 {[%clk 0:01:05]} Qb6 {[%clk 0:00:35]} 42. Qc4+
{[%clk 0:00:37]} 1-0

[Event "Ïåðâåíñòâî Ìîñêâû ïî øàõìàòàì 2015 ñðåäè ìàëü÷èêîâ (Ì17)"]
[Site "Moscow"]
[Date "2015.11.12"]
[Round "1.7"]
[White "Òåðòû÷íûé, Äìèòðèé"]
[Black "Ãåðìàí, Íèêèòà"]
[Result "0-1"]
[WhiteElo "1704"]
[BlackElo "2061"]
[PlyCount "0"]
[EventDate "2015.11.12"]


1. e4 {[%clk 1:30:59]} c5 {[%clk 1:30:54]} 2. Nf3 {[%clk 1:31:24]} e6
{[%clk 1:31:20]} 3. d3 {[%clk 1:31:39]} Nc6 {[%clk 1:31:45]} 4. g3
{[%clk 1:31:59]} g6 {[%clk 1:31:58]} 5. Bg2 {[%clk 1:32:23]} Bg7 {[%clk 1:32:23]}
6. O-O {[%clk 1:32:40]} d6 {[%clk 1:32:51]} 7. Re1 {[%clk 1:32:51]} Nge7
{[%clk 1:33:15]} 8. c3 {[%clk 1:32:47]} e5 {[%clk 1:33:38]} 9. h3
{[%clk 1:33:04]} O-O {[%clk 1:34:02]} 10. Be3 {[%clk 1:29:45]} h6
{[%clk 1:33:50]} 11. Qd2 {[%clk 1:28:30]} Kh7 {[%clk 1:34:02]} 12. d4
{[%clk 1:23:59]} exd4 {[%clk 1:33:55]} 13. cxd4 {[%clk 1:24:19]} Qb6
{[%clk 1:33:17]} 14. Rd1 {[%clk 1:20:41]} Rd8 {[%clk 1:31:38]} 15. Nc3
{[%clk 1:19:48]} a6 {[%clk 1:29:08]} 16. Rac1 {[%clk 1:17:04]} Qc7
{[%clk 1:25:46]} 17. d5 {[%clk 0:58:23]} Na5 {[%clk 1:22:17]} 18. b3
{[%clk 0:57:31]} b5 {[%clk 1:17:38]} 19. e5 {[%clk 0:54:25]} Nf5 {[%clk 1:16:24]}
20. exd6 {[%clk 0:47:51]} Nxd6 {[%clk 1:15:56]} 21. Bf4 {[%clk 0:46:44]} Re8
{[%clk 1:09:32]} 22. Re1 {[%clk 0:45:02]} Rxe1+ {[%clk 1:03:22]} 23. Rxe1
{[%clk 0:45:13]} Nab7 {[%clk 1:02:53]} 24. Ne4 {[%clk 0:41:11]} Qb6
{[%clk 1:00:38]} 25. Nxd6 {[%clk 0:38:18]} Nxd6 {[%clk 1:00:57]} 26. Re7
{[%clk 0:30:50]} Qd8 {[%clk 0:39:04]} 27. Bxd6 {[%clk 0:29:34]} Qxd6
{[%clk 0:39:22]} 28. Rxf7 {[%clk 0:29:54]} Kg8 {[%clk 0:39:38]} 29. Qf4
{[%clk 0:28:41]} Qxf4 {[%clk 0:31:22]} 30. Rxf4 {[%clk 0:29:00]} Bb7
{[%clk 0:31:27]} 31. Ne1 {[%clk 0:19:05]} Rd8 {[%clk 0:31:39]} 32. d6
{[%clk 0:17:28]} Bxg2 {[%clk 0:32:01]} 33. Nxg2 {[%clk 0:17:56]} Rxd6
{[%clk 0:32:21]} 34. Ne3 {[%clk 0:18:17]} Rd2 {[%clk 0:32:29]} 35. a4
{[%clk 0:18:30]} Rb2 {[%clk 0:31:38]} 36. b4 {[%clk 0:15:35]} c4 {[%clk 0:30:37]}
37. axb5 {[%clk 0:15:42]} axb5 {[%clk 0:30:48]} 38. Nxc4 {[%clk 0:16:03]} bxc4
{[%clk 0:30:24]} 39. Rxc4 {[%clk 0:16:29]} Bf8 {[%clk 0:30:51]} 40. Rc6
{[%clk 0:16:38]} Kg7 {[%clk 0:31:07]} 41. Rc7+ {[%clk 0:17:01]} Kf6
{[%clk 0:31:32]} 42. Rc6+ {[%clk 0:17:24]} Kf7 {[%clk 0:30:15]} 43. Kg2
{[%clk 0:15:42]} Bxb4 {[%clk 0:30:37]} 44. Rc4 {[%clk 0:15:18]} Ke6
{[%clk 0:30:16]} 45. h4 {[%clk 0:15:24]} h5 {[%clk 0:30:15]} 46. Rf4
{[%clk 0:15:09]} Bc5 {[%clk 0:29:50]} 47. Rf3 {[%clk 0:14:39]} Bb6
{[%clk 0:29:37]} 48. Rf4 {[%clk 0:14:56]} Rb5 {[%clk 0:29:25]} 49. Rc4
{[%clk 0:14:09]} Kf6 {[%clk 0:26:48]} 50. Ra4 {[%clk 0:14:26]} Bc5
{[%clk 0:26:52]} 51. Rc4 {[%clk 0:14:32]} Ba7 {[%clk 0:25:51]} 52. Ra4
{[%clk 0:14:41]} Bb8 {[%clk 0:24:06]} 53. Rc4 {[%clk 0:14:53]} Kf5
{[%clk 0:24:24]} 54. Ra4 {[%clk 0:15:06]} Bd6 {[%clk 0:24:13]} 55. Rc4
{[%clk 0:15:19]} Rb4 {[%clk 0:24:18]} 56. Rc2 {[%clk 0:15:37]} Be5
{[%clk 0:24:16]} 57. Ra2 {[%clk 0:15:42]} Rb2 {[%clk 0:24:32]} 58. Ra3
{[%clk 0:15:47]} Bd4 {[%clk 0:23:29]} 59. Rf3+ {[%clk 0:16:05]} Ke4
{[%clk 0:23:53]} 60. Rf4+ {[%clk 0:16:21]} Ke5 {[%clk 0:22:17]} 61. Rf3
{[%clk 0:16:40]} Rb6 {[%clk 0:22:42]} 62. Rd3 {[%clk 0:16:53]} Rf6
{[%clk 0:22:57]} 63. Rd2 {[%clk 0:17:17]} Ke4 {[%clk 0:23:14]} 64. Ra2
{[%clk 0:17:31]} Kd3 {[%clk 0:23:36]} 65. Ra3+ {[%clk 0:17:44]} Ke2
{[%clk 0:22:29]} 66. Ra2+ {[%clk 0:18:08]} Ke1 {[%clk 0:22:53]} 67. f3
{[%clk 0:17:36]} Re6 {[%clk 0:23:11]} 68. Kh3 {[%clk 0:17:37]} Rf6
{[%clk 0:21:16]} 69. f4 {[%clk 0:16:36]} Re6 {[%clk 0:21:21]} 70. Rc2
{[%clk 0:16:56]} Be3 {[%clk 0:19:51]} 71. Ra2 {[%clk 0:17:17]} Bd2
{[%clk 0:19:41]} 72. Rb2 {[%clk 0:17:12]} Ke2 {[%clk 0:18:41]} 73. Rc2
{[%clk 0:17:01]} Kd3 {[%clk 0:18:34]} 74. Ra2 {[%clk 0:17:11]} Be1
{[%clk 0:18:29]} 75. Ra3+ {[%clk 0:16:57]} Ke4 {[%clk 0:16:07]} 76. Rb3
{[%clk 0:17:07]} Rd6 {[%clk 0:16:24]} 77. Ra3 {[%clk 0:17:04]} Bd2
{[%clk 0:16:12]} 78. Ra4+ {[%clk 0:17:06]} Kf3 {[%clk 0:16:30]} 79. Ra3+
{[%clk 0:17:29]} Be3 {[%clk 0:16:37]} 80. Ra2 {[%clk 0:16:34]} Rd1
{[%clk 0:16:55]} 81. Kh2 {[%clk 0:16:52]} Rd2+ {[%clk 0:17:18]} 82. Rxd2
{[%clk 0:17:16]} Bxd2 {[%clk 0:17:44]} 83. Kh3 {[%clk 0:17:41]} Be1
{[%clk 0:18:05]} 84. Kh2 {[%clk 0:17:04]} Bxg3+ {[%clk 0:18:25]} 85. Kh3
{[%clk 0:17:32]} Kxf4 {[%clk 0:18:46]} 0-1

[Event "Ïåðâåíñòâî Ìîñêâû ïî øàõìàòàì 2015 ñðåäè ìàëü÷èêîâ (Ì17)"]
[Site "Moscow"]
[Date "2015.11.12"]
[Round "1.8"]
[White "Òåéèòáàåâ, Àêòèëåê"]
[Black "Óòðîáèí, Åãîð"]
[Result "1-0"]
[WhiteElo "2029"]
[BlackElo "1674"]
[PlyCount "0"]
[EventDate "2015.11.12"]

1. e4 {[%clk 1:30:20]} d6 {[%clk 1:30:48]} 2. d4 {[%clk 1:29:42]} g6
{[%clk 1:31:11]} 3. c4 {[%clk 1:29:16]} Bg7 {[%clk 1:31:32]} 4. Nc3
{[%clk 1:28:55]} Nd7 {[%clk 1:31:10]} 5. Nf3 {[%clk 1:29:03]} e5 {[%clk 1:31:15]}
6. Be2 {[%clk 1:27:36]} exd4 {[%clk 1:30:13]} 7. Nxd4 {[%clk 1:27:58]} Ne7
{[%clk 1:30:27]} 8. O-O {[%clk 1:27:45]} O-O {[%clk 1:30:48]} 9. Be3
{[%clk 1:27:26]} c6 {[%clk 1:25:03]} 10. Qd2 {[%clk 1:16:53]} Nb6
{[%clk 1:21:22]} 11. Rfd1 {[%clk 1:10:35]} Qd7 {[%clk 1:13:23]} 12. Bh6
{[%clk 1:08:48]} Rd8 {[%clk 1:09:07]} 13. Bxg7 {[%clk 1:08:54]} Kxg7
{[%clk 1:09:34]} 14. Rac1 {[%clk 1:06:17]} Rb8 {[%clk 1:05:14]} 15. Qf4
{[%clk 1:04:11]} Qc7 {[%clk 0:55:00]} 16. c5 {[%clk 0:50:47]} Na8
{[%clk 0:53:36]} 17. cxd6 {[%clk 0:50:54]} Rxd6 {[%clk 0:53:04]} 18. Ncb5
{[%clk 0:50:56]} Rf6 {[%clk 0:51:49]} 19. Qxc7 {[%clk 0:47:44]} Nxc7
{[%clk 0:52:13]} 20. Nxc7 {[%clk 0:48:11]} 1-0

[Event "Ïåðâåíñòâî Ìîñêâû ïî øàõìàòàì 2015 ñðåäè ìàëü÷èêîâ (Ì17)"]
[Site "Moscow"]
[Date "2015.11.12"]
[Round "1.10"]
[White "Àíòîíÿí, Ãðàíò"]
[Black "Àõìåòîâ, Ãàçèç"]
[Result "0-1"]
[WhiteElo "2005"]
[BlackElo "1649"]
[PlyCount "0"]
[EventDate "2015.11.12"]

1. e4 {[%clk 1:30:56]} d6 {[%clk 1:30:53]} 2. d4 {[%clk 1:31:21]} Nf6
{[%clk 1:31:17]} 3. Nc3 {[%clk 1:31:47]} c6 {[%clk 1:31:39]} 4. Nf3
{[%clk 1:31:30]} Bg4 {[%clk 1:31:59]} 5. h3 {[%clk 1:30:39]} Bh5 {[%clk 1:31:40]}
6. Be3 {[%clk 1:22:44]} Qa5 {[%clk 1:23:37]} 7. Bd3 {[%clk 1:17:38]} e5
{[%clk 1:22:42]} 8. dxe5 {[%clk 0:56:11]} dxe5 {[%clk 1:23:00]} 9. a3
{[%clk 0:55:41]} Be7 {[%clk 1:15:50]} 10. O-O {[%clk 0:53:08]} Nbd7
{[%clk 1:13:31]} 11. Qe2 {[%clk 0:48:20]} O-O {[%clk 1:12:53]} 12. Rfd1
{[%clk 0:45:03]} Qc7 {[%clk 1:01:47]} 13. Bg5 {[%clk 0:30:10]} Nc5
{[%clk 1:00:23]} 14. Bc4 {[%clk 0:26:18]} b5 {[%clk 0:52:23]} 15. Ba2
{[%clk 0:25:19]} a5 {[%clk 0:46:54]} 16. Bxf6 {[%clk 0:17:21]} Bxf6
{[%clk 0:45:36]} 17. Qe3 {[%clk 0:16:07]} Be7 {[%clk 0:39:29]} 18. Ne2
{[%clk 0:10:23]} Rfd8 {[%clk 0:30:49]} 19. Ng3 {[%clk 0:09:17]} Bg6
{[%clk 0:31:08]} 20. Rxd8+ {[%clk 0:07:30]} Rxd8 {[%clk 0:31:00]} 21. b4
{[%clk 0:06:41]} Nd7 {[%clk 0:20:02]} 22. c3 {[%clk 0:04:51]} c5 {[%clk 0:14:05]}
23. Rb1 {[%clk 0:01:01]} axb4 {[%clk 0:12:32]} 24. cxb4 {[%clk 0:00:52]} c4
{[%clk 0:11:48]} 25. Rc1 {[%clk 0:00:33]} Nb6 {[%clk 0:09:57]} 26. Nxe5
{[%clk 0:00:31]} Qxe5 {[%clk 0:10:18]} 27. Qxb6 {[%clk 0:00:47]} Qb2
{[%clk 0:10:37]} 28. Re1 {[%clk 0:00:32]} Qxa2 {[%clk 0:10:55]} 29. Qc7
{[%clk 0:00:33]} Qd2 {[%clk 0:09:35]} 30. Re3 {[%clk 0:00:33]} Bg5
{[%clk 0:07:56]} 31. Re2 {[%clk 0:00:33]} c3 {[%clk 0:05:50]} 32. h4
{[%clk 0:00:32]} Qd1+ {[%clk 0:05:35]} 33. Kh2 {[%clk 0:00:56]} Bxh4
{[%clk 0:05:54]} 34. Re3 {[%clk 0:00:39]} Bxg3+ {[%clk 0:03:21]} 35. Rxg3
{[%clk 0:00:34]} c2 {[%clk 0:03:40]} 36. Rc3 {[%clk 0:00:33]} Bxe4
{[%clk 0:03:44]} 37. f3 {[%clk 0:00:54]} Bg6 {[%clk 0:03:12]} 38. Qc5
{[%clk 0:00:34]} h5 {[%clk 0:03:15]} 39. a4 {[%clk 0:00:53]} Qd6+
{[%clk 0:02:55]} 40. Qxd6 {[%clk 0:01:11]} Rxd6 {[%clk 0:03:24]} 41. axb5
{[%clk 0:01:28]} Rb6 {[%clk 0:03:48]} 0-1